Property Misdescriptions Act 1991: guidance notes. (Record no. 91332)

MARC details
000 -LEADER
fixed length control field 00870cam a2200217 4500
001 - CONTROL NUMBER
control field J1439
008 - FIXED-LENGTH DATA ELEMENTS--GENERAL INFORMATION
fixed length control field 090401t1993 xxu||||| |||| 00| 0 eng d
035 ## - SYSTEM CONTROL NUMBER
System control number (Sirsi) u43466
041 ## - LANGUAGE CODE
Language code of text/sound track or separate title eng
050 ## - LIBRARY OF CONGRESS CALL NUMBER
Classification number 333.33026
110 ## - MAIN ENTRY--CORPORATE NAME
Corporate name or jurisdiction name as entry element Incorporated Society of Valuers and Auctioneers
9 (RLIN) 1201
245 ## - TITLE STATEMENT
Title Property Misdescriptions Act 1991: guidance notes.
260 ## - PUBLICATION, DISTRIBUTION, ETC.
Place of publication, distribution, etc. London
Name of publisher, distributor, etc. ISVA
Date of publication, distribution, etc. 1993
300 ## - PHYSICAL DESCRIPTION
Extent 26 leaves ; 30cm.
350 ## - PRICE (NR) (BK AM CF MU VM SE) [OBSOLETE]
Price 7.5
520 ## - SUMMARY, ETC.
Summary, etc. Based on material prepared by speakers for a series of seminars held in February-March 1993 as part of ISVA`s CPD programme. Includes history and background, legal interpretation, commentary from both residential and commercial agents and defence to liability.
650 ## - SUBJECT ADDED ENTRY--TOPICAL TERM
Topical term or geographic name entry element PROPERTY MISDESCRIPTIONS ACT 1991
690 ## - LOCAL SUBJECT ADDED ENTRY--TOPICAL TERM (OCLC, RLIN)
Topical term or geographic name as entry element MANAGEMENT-BUSINESS MANAGEMENT-PROFESSIONAL PRACTICE
942 ## - ADDED ENTRY ELEMENTS (KOHA)
Suppress in OPAC 0
948 ## - LOCAL PROCESSING INFORMATION (OCLC); SERIES PART DESIGNATOR (RLIN)
c (OCLC) 04/03/1997
Holdings
Withdrawn status Lost status Source of classification or shelving scheme Damaged status Not for loan Home library Current library Shelving location Date acquired Total Checkouts Full call number Barcode Date last seen Date last checked out Copy number Price effective from Koha item type
    Dewey Decimal Classification     London London Basement 02/06/2000 1 BASEMENT 30061561 06/08/2019 15/11/2000 3 06/08/2019 Book